Historia crítica y documentada de la vida y acciones de Alfonso III el Magno, último rey de Asturias / (Record no. 41487)

MARC details
000 -LEADER
campo de control de longitud fija 01197nam a2200277 i 4500
001 - NÚMERO DE CONTROL
campo de control 41487
003 - IDENTIFICADOR DE NÚMERO DE CONTROL
campo de control SpMaBN
005 - FECHA Y HORA DE LA ÚLTIMA TRANSACCIÓN
campo de control 20230906160435.0
008 - DATOS DE LONGITUD FIJA--INFORMACIÓN GENERAL
campo de control de longitud fija 170316s1933 sp aj |||| |bspa d
080 ## - NÚMERO DE LA CLASIFICACIÓN DECIMAL UNIVERSAL
Número de la Clasificación Decimal Universal 929 Alfonso (460.12) III
080 ## - NÚMERO DE LA CLASIFICACIÓN DECIMAL UNIVERSAL
Número de la Clasificación Decimal Universal 94(460.12)"0866/0910"
100 1# - ENTRADA PRINCIPAL--NOMBRE DE PERSONA
Nombre de persona Cotarelo Valledor, Armando,
Fechas asociadas al nombre 1879-1950
9 (RLIN) 41167
245 10 - MENCIÓN DEL TÍTULO
Título Historia crítica y documentada de la vida y acciones de Alfonso III el Magno, último rey de Asturias /
Mención de responsabilidad, etc. por Armando Cotarelo Valledor.
246 35 - FORMA VARIANTE DEL TITULO
Título propio/Titulo breve Alfonso III el Magno
260 ## - PUBLICACIÓN, DISTRIBUCIÓN, ETC.
Lugar de publicación, distribución, etc. Madrid :
Nombre del editor, distribuidor, etc. Librería General de Victoriano Suárez,
Fecha de publicación, distribución, etc. 1933 (
Fabricante Imp. Góngora)
300 ## - DESCRIPCIÓN FÍSICA
Extensión XIX, 723 p. :
Otras características físicas il. ;
Dimensiones 26 cm.
500 ## - NOTA GENERAL
Nota general Apéndice documental.
500 ## - NOTA GENERAL
Nota general Índices.
504 ## - NOTA DE BIBLIOGRAFÍA, ETC.
Nota de bibliografía, etc. Referencias bibliográficas.
586 ## - NOTA DE PREMIOS
Nota de premios Obra laureada en público certamen con el Premio Santa Cruz por voto unánime de la Academia de la Historia
600 04 - PUNTO DE ACCESO ADICIONAL DE MATERIA--NOMBRE DE PERSONA
Nombre de persona Alfonso
Numeración III
Títulos y otros términos asociados al nombre Rey de Asturias y León.
9 (RLIN) 162086
651 #4 - PUNTO DE ACCESO ADICIONAL DE MATERIA--NOMBRE GEOGRÁFICO
Nombre geográfico Asturias (Reino)-
Subdivisión general Historia.
9 (RLIN) 7835
710 2# - ENTRADA AGREGADA--NOMBRE DE ENTIDAD CORPORATIVA
Nombre de entidad corporativa o nombre de jurisdicción como elemento de entrada Librería General de Victoriano Suárez.
9 (RLIN) 162087
852 ## - LOCALIZACIÓN
Ubicación ES-MaACL
Número de control de estantería L-31282
Nota libre . - Donat. herederos de la bibl. de Mª del Pilar Costa Palacín
Holdings
Estatus retirado Estado de pérdida Estado de daño No para préstamo Biblioteca de origen Biblioteca actual Ubicación en estantería Fecha de adquisición Fuente de adquisición Total de préstamos Signatura topográfica completa Código de barras Visto por última vez Precio de reemplazo Tipo de ítem Koha
        Biblioteca del Ateneo de Madrid Biblioteca del Ateneo de Madrid Depósito 2 15/03/2017     L-31282 1197234 23/02/2023 23/02/2023 Libro impreso